000 01300nam0a22002651 4500
001 v19\rc\1815810
005 20250619145215.0
035 _a(NLR Aleph) 004938881
090 _a5759388
_c5759388
100 _a20071224d1907 |||y0rusy50 ca
101 0 _arus
102 _aRU
105 _aa z |||||
200 1 _aСадоводство для начинающих и любителей
_eЦветоводство. Огородничество. Плодоводство
_eОбщедоступ. руководство к устройству и ведению домаш. сада
_fПо И. Бетнеру перераб. применительно к рус. условиям Н.И. Кичунов, спец. по садоводству при Деп. зем. и ред. журн. "Вестн. садоводства"
210 _aСанкт-Петербург
_cА.Ф. Девриен
_d1907
215 _aXVI, 392, [1] с., 415 ил.
_d23
700 1 _aКичунов
_bН.И.
_f1863-1942
_gНиколай Иванович
702 1 _6z01790
_aБеттнер
_bИ.
_f1861-1919
_gИоганн
_4100
790 1 _6z01702
_aБетнер
_bИ.
_f1861-1919
801 0 _aRU
_bNLR
_gpsbo
801 1 _aRU
_bProSoft-M
_2rusmarc
852 _aNLR
_j37.21.4.24
852 _aNLR
_j131/631
942 _cBOOK
980 _aNB